00253nam a2200097 a 4500008004100000050001500041100002000056245006100076260000900137350000900146120416s1972 xx |||||||||||||| || u aTD 883 Air aStrauss, Werner10aAir pollution control, part IIcedited by Werner Strauss c1972 a0.00